|
|
|
|
| LEADER |
00000nas a2200000 a 4500 |
| 001 |
87855-29 |
| 003 |
Ucuenca |
| 005 |
20240113063600.0 |
| 008 |
000000|1993 ec |||||r|||||||||||spa|| |
| 040 |
|
|
|b spa
|
| 041 |
0 |
|
|a spa
|
| 082 |
0 |
|
|a 300.5
|b C386e
|
| 245 |
|
|
|a Ecuador Debate
|c Centro Andino de Acción Popular
|h imp
|
| 264 |
|
|
|a Quito
|b Centro Andino de Acción Popular
|c Agosto 1993
|
| 300 |
|
|
|a 179 páginas:
|c 21 cm
|
| 362 |
|
|
|a no. 29 (agosto de 1993)
|
| 650 |
0 |
|
|a Revista ecuador debate
|9 182233
|
| 650 |
0 |
0 |
|a Recesión económica
|9 39795
|
| 650 |
0 |
7 |
|a Economía ecuatoriana
|9 244
|
| 852 |
|
|
|a UC-CDJBV
|
| 942 |
|
|
|c SER
|z nube.salto@ucuenca.edu.ec
|2 ddc
|
| 999 |
|
|
|c 151009
|d 151009
|